| 000 -LEADER |
| fixed length control field |
00406nam a2200133Ia 4500 |
| 003 - CONTROL NUMBER IDENTIFIER |
| control field |
OSt |
| 005 - DATE AND TIME OF LATEST TRANSACTION |
| control field |
20260312151416.0 |
| 008 - FIXED-LENGTH DATA ELEMENTS--GENERAL INFORMATION |
| fixed length control field |
260210s9999 xx 000 0 und d |
| 020 ## - INTERNATIONAL STANDARD BOOK NUMBER |
| International Standard Book Number |
9780760383384 |
| 100 ## - MAIN ENTRY--PERSONAL NAME |
| Personal name |
Elliot Jay Stocks |
| 245 #0 - TITLE STATEMENT |
| Title |
Universal Principles of Typography: 100 Key Concepts for Choosing and Using Type |
| 260 ## - PUBLICATION, DISTRIBUTION, ETC. (IMPRINT) |
| Name of publisher, distributor, etc |
Rockport Publishers (Quarto Publishing Group) |
| Date of publication, distribution, etc |
2024 |
| 942 ## - ADDED ENTRY ELEMENTS (KOHA) |
| Item type |
PG Books |
| Source of classification or shelving scheme |
|